| 000 | 00571nam a2200205 i 4500 | ||
|---|---|---|---|
| 001 | bg | ||
| 245 | 0 |
_aZbiór zadań z fizyki / _c[aut. Mieczysław Kucharczyk et al.] ; Politechnika Białostocka. |
|
| 260 |
_aBiałystok : _bWydawnictwa PB, _c1996. |
||
| 300 |
_a462 s. : _brys. ; _c24 cm. |
||
| 650 | 9 | _aFizyka | |
| 655 | _aĆwiczenia i zadania | ||
| 700 | 1 | _aKUCHARCZYK, Mieczysław. | |
| 020 | _a838627235X | ||
| 040 | _cBPK | ||
| 041 | 0 | _apl | |
| 080 | _a53(075.8)(076) | ||
| 920 | _a83-86272-35X | ||
| 942 | _cKS | ||
| 008 | s pl f |000 0 pol | ||
| 999 |
_c24866 _d24866 |
||
| 856 |
_uhttp://koha.tu.koszalin.pl/cgi-bin/koha/opac-detail.pl?biblionumber=24866 _yKatalog online BPK |
||